| 000 | 00756nam a22002297a 4500 | ||
|---|---|---|---|
| 999 |
_c7836 _d7836 |
||
| 001 | @20320 | ||
| 003 | BD-DhUAP | ||
| 005 | 20211006143539.0 | ||
| 008 | 211006b ||||| |||| 00| 0 eng d | ||
| 020 | _a9781259253065 | ||
| 040 |
_aLDC _cLDC _d BD-DhUAP _eeng |
||
| 082 |
_217th _a658.84 CAT _b01 |
||
| 100 | _aCateora, Philip R. | ||
| 245 |
_a International marketing / _cPhilip R. Cateora, Mary C. Gilly and John L. Graham. |
||
| 250 | _a17th ed. | ||
| 260 |
_a distribution, etc. New Delhi : _b McGraw-hill, _cc2011 [Reprinted 2016]. |
||
| 300 | _axxxvi, 662 pages : | ||
| 504 | _anote Includes bibliographical references and index. | ||
| 650 |
_2Export marketing. _aInternational business enterprises |
||
| 700 | _aGilly, Mary C. | ||
| 942 |
_2ddc _cBK |
||